Obálka Náhled e-knihy:
PDF Epub
Pro půjčování e-knih musíte být přihlášeni.
Jak si půjčit online?

Centrální impérium. Kniha první, Hranice impéria /

Drsná galaktická hra, odehrávající se v impozantní říši obývané několika mimozemskými rasami, v níž po předchozích brutálních mezihvězdných válkách doputovalo pomyslné žezlo do rukou lidí.

Uloženo v:
Série:Centrální impérium, část 1
Hlavní autor: Kotouč, Jan, 1987- (Autor)
Médium: E-kniha
Jazyk:Czech
Vydáno: Praha : Brokilon, 2024
Vydání:Vydání druhé, v nakladatelství Brokilon první
Témata:
Příbuzné jednotky:Z cyklu:: Centrální impérium
Tagy:
Žádné tagy
LEADER 02741nam a2200409 i 4500
001 312391
003 CZ PrSKC
005 20260601215722.0
007 ta
008 240530s2024 xr g 000 f cze
015 |a cnb003608456 
020 |a 9788074565731  |q (brožováno) :  |c Kč 398,00 
035 |a (OCoLC)1455302599 
040 |a ABG001  |b cze  |d OLA001  |e rda 
072 7 |a 821.162.3-3  |x Česká próza  |2 Konspekt 
080 |a 821.162.3-31  |2 MRF 
080 |a (0:82-311.9)  |2 MRF 
100 1 |a Kotouč, Jan,  |d 1987-  |7 xx0100291  |4 aut 
245 1 0 |a Centrální impérium.  |n Kniha první,  |p Hranice impéria /  |c Jan Kotouč 
246 3 0 |a Hranice impéria 
250 |a Vydání druhé, v nakladatelství Brokilon první 
264 1 |a Praha :  |b Brokilon,  |c 2024 
300 |a 337 stran ;  |c 21 cm 
336 |a text  |b txt  |2 rdacontent 
337 |a bez média  |b n  |2 rdamedia 
338 |a svazek  |b nc  |2 rdacarrier 
520 2 |a Drsná galaktická hra, odehrávající se v impozantní říši obývané několika mimozemskými rasami, v níž po předchozích brutálních mezihvězdných válkách doputovalo pomyslné žezlo do rukou lidí.  |b Daniel Hankerson je geneticky vylepšený příslušník císařské rodiny, ale raději než na rodinný vliv a peníze se vždy spoléhal na svou schopnost odhadovat lidi, která mu pomáhá jak při práci pro rozvědku loďstva, tak při hraní karet. Díky ní pozná, že něco visí ve vzduchu, když se ho pokusí při loupežném přepadení zabít, a ani z nadcházející mise na okraj Impéria nemá dobrý pocit. Čím víc se mluví o tom, že jde o rutinní test nové komunikační lodě, tím je to podezřelejší. Centrální impérium je příliš velké, příliš křehké a pohromadě drží díky příliš mnoha kompromisům. Vnější nepřátelé si z něj chtějí ukrojit svůj díl, ale ti vnitřní jsou ještě nebezpečnější. Jak praví čínské přísloví, Impérium čekají zajímavé časy. Nakladatelská anotace. 
655 7 |a české romány  |7 fd133974  |2 czenas 
655 7 |a vědecko-fantastické romány  |7 fd133847  |2 czenas 
655 9 |a Czech fiction  |2 eczenas 
655 9 |a science fiction novels  |2 eczenas 
787 0 8 |i Z cyklu:  |t Centrální impérium  |g 1 
900 |a ABA001  |b 20 
044 |a xr 
910 |a RBIT002 
998 |d 405062  |a https://core.palmknihy.cz/api/books/405062/cover?sdmhxi  |b https://core.palmknihy.cz/api/books/405062/cover/400?sdmhxi  |c https://core.palmknihy.cz/api/books/405062/cover/50?sdmhxi  |e   |g 337  |i 9788074565731  |j https://core.palmknihy.cz/api/books/405062/preview.epub  |k https://core.palmknihy.cz/api/books/405062/preview.pdf  |l   |q 49  |r 1  |s https://www.palmknihy.cz/kniha/405062  |t ebook  |y 2024  |z 0  |v Centrální impérium  |w 1 
999 |d 312389